| 000 | 00740nam a2200265Ia 4500 | ||
|---|---|---|---|
| 003 | OSt | ||
| 005 | 20220918164920.0 | ||
| 006 | a|||||r|||| 00| 0 | ||
| 007 | ta | ||
| 008 | 220917b |||||||| |||| 00| 0 eng d | ||
| 020 | _a0813370841 | ||
| 024 | _a248,045 | ||
| 037 | _cTextual | ||
| 040 |
_aARTS _cARTS _beng |
||
| 041 |
_2eng _aeng |
||
| 082 | _aX:9K5.46, M6 | ||
| 100 |
_aArnold Fred Ed. _921664 |
||
| 245 | 0 |
_aAsian Labour Migeration _b Pipeline to the middle east |
|
| 260 |
_aLondon _bWestview Press U K _c1986 |
||
| 300 |
_a265p. _ccm. |
||
| 650 | _aECONOMICS | ||
| 700 |
_a Shah Nasra M. Ed. _921665 |
||
| 942 |
_hX:9K5.46, M6 _cTEXL _2CC |
||
| 999 |
_c127387 _d127387 |
||